00578nam a22001697a 4500003000900000008004100009040007100050082001800121100002600139245006500165260005100230300002700281650002200308650002800330650002400358700002600382AR-CdUCM190225b ||||| |||| 00| 0 spa d aMUNICIPALIDAD PROVINCIAL DEL CUSCOcBIBLIOTECA MUNICIPAL DEL CUSCO a808.81 /bC22 ade Camacho, Georgette aLetra desleída:b(Poemas de Vida) /cde Camacho, Georgette aBolivia, la Paz :bCasa de la Cultura ,c1993. a77 paginas :c19.3 cm. aPoesia Boliviana. aPoesia Latinoamericana. aLiteratura Poetica. ade Camacho, Georgette